书目信息 |
| 题名: |
彩色图解电子元器件识别、检测与维修速成
|
|
| 作者: | 韩雪涛 主编 | |
| 分册: | ||
| 出版信息: | 北京 化学工业出版社 2018 |
|
| 页数: | 185页 | |
| 开本: | 26cm | |
| 丛书名: | ||
| 单 册: | ||
| 中图分类: | TN6-64 | |
| 科图分类: | ||
| 主题词: | 电子元器件--dian zi yuan qi jian--图解 | |
| 电子资源: | ||
| ISBN: | 978-7-122-31119-1 | |
| 000 | 01002nam0 2200241 450 | |
| 001 | 012001000889 | |
| 005 | 20131107081616.0 | |
| 010 | @a978-7-122-31119-1@dCNY58.00 | |
| 099 | @aCAL 012018131923 | |
| 100 | @a20181023d2018 em y0chiy50 ea | |
| 101 | 0 | @achi |
| 102 | @aCN@b110000 | |
| 105 | @aa z 000yy | |
| 106 | @ar | |
| 200 | 1 | @a彩色图解电子元器件识别、检测与维修速成@Acai se tu jie dian zi yuan qi jian shi bie 、 jian ce yu wei xiu su cheng@f韩雪涛主编 |
| 210 | @a北京@c化学工业出版社@d2018 | |
| 215 | @a185页@c彩图@d26cm | |
| 330 | @a本书内容包括:电阻器的识别、检测与应用,电容器的识别、检测与应用,电感器的识别、检测与应用,二极管的识别、检测与应用,三极管的识别、检测与应用,场效应晶体管的识别、检测与应用,晶闸管的识别、检测与应用,集成电路的识别、检测与应用,常用电气部件的检测技能。 | |
| 606 | 0 | @a电子元器件@Adian zi yuan qi jian@j图解 |
| 690 | @aTN6-64@v5 | |
| 701 | 0 | @a韩雪涛@Ahan xue tao@4主编 |
| 801 | 0 | @aCN@b北京卓展文化@c20191020 |
| 905 | @b1197094-7@dTN6-64@e89@f4 | |
| 彩色图解电子元器件识别、检测与维修速成/韩雪涛主编.-北京:化学工业出版社,2018 |
| 185页:彩图;26cm |
| ISBN 978-7-122-31119-1:CNY58.00 |
| 本书内容包括:电阻器的识别、检测与应用,电容器的识别、检测与应用,电感器的识别、检测与应用,二极管的识别、检测与应用,三极管的识别、检测与应用,场效应晶体管的识别、检测与应用,晶闸管的识别、检测与应用,集成电路的识别、检测与应用,常用电气部件的检测技能。 |
| ● |
| 相关链接 |
|
|
|
|
正题名:彩色图解电子元器件识别、检测与维修速成
索取号:TN6-64/89
 
预约/预借
| 序号 | 登录号 | 条形码 | 馆藏地/架位号 | 状态 | 备注 |
| 1 | 1197094 | 211970946 | 第二样本阅览室/ [索取号:TN6-64/89] | 在馆 | |
| 2 | 1197095 | 211970955 | 第三借阅区/ [索取号:TN6-64/89] | 在馆 | |
| 3 | 1197096 | 211970964 | 第三借阅区/ [索取号:TN6-64/89] | 在馆 | |
| 4 | 1197097 | 211970973 | 第三借阅区/ [索取号:TN6-64/89] | 在馆 |